Finding the God-dependent life : (Record no. 2973)

MARC details
000 -LEADER
fixed length control field 00943pam a2200253 a 4500
001 - CONTROL NUMBER
control field 3448526
003 - CONTROL NUMBER IDENTIFIER
control field GBCCL
005 - DATE AND TIME OF LATEST TRANSACTION
control field 20241126110444.0
008 - FIXED-LENGTH DATA ELEMENTS--GENERAL INFORMATION
fixed length control field 920205s1992 miu 000 0aeng
010 ## -
-- 92006246
020 ## - INTERNATIONAL STANDARD BOOK NUMBER
International Standard Book Number 0929239628 :
Terms of availability $9.95
040 ## - CATALOGING SOURCE
Original cataloging agency DLC
Transcribing agency DLC
Modifying agency DLC
050 00 -
-- BR1725.Y63
-- A3 1992
082 00 - DEWEY DECIMAL CLASSIFICATION NUMBER
Classification number 248.4092
-- B
Edition information 20
Item number YOD
100 1# - MAIN ENTRY--PERSONAL NAME
Personal name Yoder, Joanie,
Dates associated with a name 1934-
9 (RLIN) 6201
245 10 - TITLE STATEMENT
Title Finding the God-dependent life :
Remainder of title a personal story of a life transformed by the secret of God-dependence over co-dependence /
Statement of responsibility, etc. Joanie Yoder.
260 ## - PUBLICATION, DISTRIBUTION, ETC.
Place of publication, distribution, etc. Grand Rapids, Mich. :
Name of publisher, distributor, etc. Discovery House,
Date of publication, distribution, etc. c1992.
300 ## - PHYSICAL DESCRIPTION
Extent 176 p. ;
Dimensions 21 cm.
600 10 - SUBJECT ADDED ENTRY--PERSONAL NAME
Personal name Yoder, Joanie,
Dates associated with a name 1934-
9 (RLIN) 6201
650 #0 - SUBJECT ADDED ENTRY--TOPICAL TERM
Topical term or geographic name entry element Christian biography.
9 (RLIN) 1119
906 ## - LOCAL DATA ELEMENT F, LDF (RLIN)
a 7
b cbc
c orignew
d 1
e ocip
f 19
g y-gencatlg
942 ## - ADDED ENTRY ELEMENTS (KOHA)
Source of classification or shelving scheme Dewey Decimal Classification
Koha item type Books
Holdings
Withdrawn status Lost status Source of classification or shelving scheme Damaged status Not for loan Home library Current Library Shelving location Date acquired Total checkouts Full call number Barcode Date last seen Copy number Price effective from Koha item type
    Dewey Decimal Classification     GRACE BIBLE COLLEGE GRACE BIBLE COLLEGE Ministry & Mission 2017-10-10   248.4092 YOD 008633 2025-05-01 c.1 2017-10-10 Books
© Grace Bible College Library 2025